Central Library OPAC University of Rajshahi

End of the chapter / (Record no. 20778)

MARC details
000 -LEADER
fixed length control field 00714nam a22002411 4500
001 - CONTROL NUMBER
control field 20778
003 - CONTROL NUMBER IDENTIFIER
rucl marc code BD-RjUL
005 - DATE AND TIME OF LATEST TRANSACTION
control field 20211209000617.0
008 - FIXED-LENGTH DATA ELEMENTS--GENERAL INFORMATION
fixed length control field 720726s19541935enkc 000 1 eng
035 ## - SYSTEM CONTROL NUMBER
System control number (BD-RjUL)20840
System control number (OCoLC)365619
040 ## - CATALOGING SOURCE
Original cataloging agency DLC
Transcribing agency ODaWU
Modifying agency OCoLC
-- OTifH
-- DLC
-- BD-RjUL
Language of cataloging eng
041 ## - LANGUAGE CODE
Language code of text/sound track or separate title eng
082 ## - DEWEY DECIMAL CLASSIFICATION NUMBER
Classification number 823.912
Author mark and year GAE 1954
100 1# - MAIN ENTRY--PERSONAL NAME
Personal name Galsworthy, John,
Dates associated with a name 1867-1933.
9 (RLIN) 64164
245 10 - TITLE STATEMENT
Title End of the chapter /
Statement of responsibility, etc. John Galsworthy.
260 ## - PUBLICATION, DISTRIBUTION, ETC. (IMPRINT)
Place of publication, distribution, etc. London :
Name of publisher, distributor, etc. C. Scribner's Sons,
Date of publication, distribution, etc. 1954.
300 ## - PHYSICAL DESCRIPTION
Pagination viii, 859 p. :
Illustrations ill., front., (port.) ;
Size 22 cm.
650 #0 - SUBJECT ADDED ENTRY--TOPICAL TERM
Topical term or geographic name as entry element Families
Form subdivision Fiction.
Geographic subdivision England
9 (RLIN) 64165
942 ## - ADDED ENTRY ELEMENTS (KOHA)
Source of classification or shelving scheme Dewey Decimal Classification
Koha item type Books
Holdings
Lost status Source of classification or shelving scheme Damaged status Not for loan Collection code Permanent Location Current Location Shelving location Date acquired Source of acquisition Cost, normal purchase price Total Checkouts Full call number Date last seen Copy number Koha item type
  Dewey Decimal Classification   Added to bundle Fiction Central Library, University of Rajshahi Central Library, University of Rajshahi Reading Room 11/12/1962 O. U. P 18.00   823.912 GAE 1954 02/03/2014 C-1 Books